[Event "4.liga A22 2019/2020"]
[Site "?"]
[Date "2019.10.27"]
[Round "2.4"]
[White "Valach, Peter"]
[Black "Meszaros, Lorant"]
[Result "0-1"]
[WhiteElo "1783"]
[BlackElo "1959"]
[PlyCount "104"]
[EventDate "2019.10.13"]
[WhiteTeam "ŠK Obecný úrad Špačince"]
[BlackTeam "DSC Potôňska veža C"]

1. d4 f5 2. Nf3 Nf6 3. c4 c5 4. d5 d6 5. Nc3 g6 6. g3 Bg7 7. Bg2 Nbd7 8. Qc2 a6
9. b3 b5 10. Bb2 bxc4 11. bxc4 O-O 12. O-O Nb6 13. Na4 Nxa4 14. Qxa4 Bd7 15.
Qc2 Rb8 16. Bc3 Ne4 17. Bxg7 Kxg7 18. Nd2 Nxd2 19. Qxd2 Qc7 20. Rab1 Rb7 21.
Rxb7 Qxb7 22. Qc3+ Kg8 23. Qb3 Rb8 24. Rb1 Qb4 25. Qxb4 Rxb4 26. Rxb4 cxb4 27.
e3 a5 28. Bf1 Ba4 29. Bd3 b3 30. Bb1 Kf7 31. Kf1 e6 32. Ke1 exd5 33. cxd5 Ke7
34. Kd2 Kd7 35. Kc3 bxa2 36. Bxa2 Kc7 37. f4 Kb6 38. g4 Kc5 39. e4 fxe4 40. f5
gxf5 41. gxf5 Be8 42. f6 Bf7 43. Bb3 h6 44. h4 Bg6 45. Bc2 Kxd5 46. Bb3+ Ke5
47. f7 Bxf7 48. Bxf7 d5 49. Bh5 d4+ 50. Kd2 Kf4 51. Bd1 Kg3 52. h5 Kf2 0-1

[Event "4.liga A22 2019/2020"]
[Site "?"]
[Date "2019.10.27"]
[Round "2.4"]
[White "Szocs, Ladislav"]
[Black "Slezak, Rudolf"]
[Result "1/2-1/2"]
[WhiteElo "1771"]
[BlackElo "1714"]
[PlyCount "90"]
[EventDate "2019.10.13"]
[WhiteTeam "DSC Potôňska veža C"]
[BlackTeam "ŠK Obecný úrad Špačince"]

1. Nf3 Nf6 2. g3 g6 3. Bg2 Bg7 4. O-O O-O 5. d4 c6 6. c4 d5 7. cxd5 cxd5 8. Nc3
Nc6 9. Bg5 Qa5 10. Qb3 e6 11. Bd2 Qd8 12. e3 Nd7 13. Rfd1 Qb6 14. Qxb6 Nxb6 15.
b3 a6 16. Rac1 Bd7 17. Be1 Rac8 18. a4 Na7 19. a5 Na8 20. e4 Nb5 21. exd5 Nxc3
22. Bxc3 exd5 23. Ne5 Be6 24. Bb4 Rxc1 25. Rxc1 Rc8 26. Rxc8+ Bxc8 27. Bxd5
Bxe5 28. dxe5 Nc7 29. Bc4 Be6 30. Bxe6 Nxe6 31. Bc3 Kf8 32. f4 Ke7 33. Kg2 Nc7
34. Kf3 Ke6 35. Ke4 Nd5 36. Bb2 Nb4 37. g4 Nc6 38. Bc3 Ne7 39. h3 h5 40. Bb4
hxg4 41. hxg4 Nc6 42. f5+ Kd7 43. Bc3 Ne7 44. Bd2 gxf5+ 45. gxf5 Nc6 1/2-1/2

[Event "4.liga A22 2019/2020"]
[Site "?"]
[Date "2019.10.27"]
[Round "2.4"]
[White "Sulko, Vit"]
[Black "Both, Lajos"]
[Result "0-1"]
[WhiteElo "1659"]
[BlackElo "1712"]
[PlyCount "72"]
[EventDate "2019.10.13"]
[WhiteTeam "ŠK Obecný úrad Špačince"]
[BlackTeam "DSC Potôňska veža C"]

1. d4 Nf6 2. c4 b6 3. Nf3 d5 4. e3 Bb7 5. Nc3 e6 6. Be2 dxc4 7. Bxc4 Bd6 8. O-O
O-O 9. h3 Nbd7 10. b3 c5 11. d5 exd5 12. Bxd5 Nxd5 13. Nxd5 Nf6 14. Nc3 Qe7 15.
Qe2 Bxf3 16. Qxf3 Qe5 17. Rd1 Qxc3 18. Bd2 Qe5 19. g3 Ne4 20. Be1 Rad8 21. Rab1
Ng5 22. Qg2 Qe4 23. h4 Qxg2+ 24. Kxg2 Ne6 25. Rd2 Be5 26. Rc2 Rd6 27. Rbc1 Rfd8
28. Bc3 Bxc3 29. Rxc3 Rd2 30. R1c2 Rxc2 31. Rxc2 Kf8 32. Kf1 Ke7 33. Ke2 a5 34.
a4 Rd5 35. Kf3 Nd8 36. Ke2 Nc6 0-1

[Event "4.liga A22 2019/2020"]
[Site "?"]
[Date "2019.10.27"]
[Round "2.4"]
[White "Rozsas, Daniel"]
[Black "Karel, Jozef"]
[Result "0-1"]
[WhiteElo "1713"]
[BlackElo "1669"]
[PlyCount "62"]
[EventDate "2019.10.13"]
[WhiteTeam "DSC Potôňska veža C"]
[BlackTeam "ŠK Obecný úrad Špačince"]

1. e4 d5 2. exd5 Nf6 3. d4 Nxd5 4. Nf3 Bg4 5. c3 e6 6. h3 Bh5 7. Bd3 c5 8. Qa4+
Nd7 9. Ne5 N5b6 10. Qc2 cxd4 11. cxd4 Nxe5 12. dxe5 Rc8 13. Nc3 Bg6 14. Bb5+
Nd7 15. Qa4 a6 16. Bxd7+ Qxd7 17. Qxd7+ Kxd7 18. O-O Bc2 19. Be3 Bc5 20. Bxc5
Rxc5 21. Rac1 Bg6 22. Rfd1+ Ke7 23. f4 Rhc8 24. Rd2 b5 25. Rcd1 R8c7 26. Rd6
R5c6 27. g4 b4 28. Na4 Bc2 29. b3 Bxd1 30. Rxd1 Rc1 31. Rxc1 Rxc1+ 0-1

[Event "4.liga A22 2019/2020"]
[Site "?"]
[Date "2019.11.10"]
[Round "3.1"]
[White "Vegh, Vince"]
[Black "Skreko, Igor"]
[Result "1/2-1/2"]
[WhiteElo "1912"]
[BlackElo "1784"]
[PlyCount "149"]
[EventDate "2019.10.13"]
[WhiteTeam "MĹ K Corvin VeÄľkĂ˝ Meder"]
[BlackTeam "Ĺ K KOMPLET Trnava - Modranka juniori"]

1. e4 c5 2. Nf3 d6 3. d4 cxd4 4. Nxd4 Nf6 5. Nc3 a6 6. f3 e5 7. Nb3 Be6 8. Bg5
Nbd7 9. Be2 Be7 10. Qd2 Rc8 11. O-O-O b5 12. Kb1 Qc7 13. Rc1 h6 14. Be3 Nb6 15.
Bxb6 Qxb6 16. h4 b4 17. Nd5 Nxd5 18. exd5 Bd7 19. g4 a5 20. Qd3 a4 21. Nd2 Rb8
22. b3 a3 23. Qe4 g6 24. Nc4 Qc5 25. Qd3 Rb5 26. Rcd1 h5 27. g5 Rb8 28. Qd2 Bf5
29. Rhe1 O-O 30. Ne3 Bd7 31. Bc4 Rfe8 32. Rf1 Bf8 33. Rde1 Bg7 34. Nd1 Bf5 35.
Qe3 Qxe3 36. Rxe3 f6 37. Bd3 Bxd3 38. Rxd3 fxg5 39. Rg1 Bf6 40. Nf2 Kg7 41.
hxg5 Be7 42. Ne4 Rbc8 43. Kc1 Rh8 44. Kd2 h4 45. c4 bxc3+ 46. Rxc3 h3 47. Rxc8
Rxc8 48. Rh1 Rh8 49. Kc3 Rh5 50. Kb4 Bxg5 51. Nxg5 Rxg5 52. Rxh3 Rg2 53. Kxa3
Rd2 54. b4 Rxd5 55. Kb3 Rd3+ 56. Kc2 e4 57. Rh4 Rxf3 58. Rxe4 g5 59. b5 Rf8 60.
a4 Rb8 61. Kd3 Kf6 62. Kd4 Kf5 63. Kd5 g4 64. Re1 Ra8 65. Ra1 Rb8 66. Rf1+ Kg5
67. Kxd6 g3 68. Kc5 Ra8 69. Rb1 Rxa4 70. Kd5 Ra8 71. b6 Kg4 72. b7 Rb8 73. Kc6
g2 74. Kc7 Rxb7+ 75. Kxb7 1/2-1/2

[Event "4.liga A22 2019/2020"]
[Site "?"]
[Date "2019.11.10"]
[Round "3.1"]
[White "Longauer, Jan"]
[Black "Szabo, Julius"]
[Result "1-0"]
[WhiteElo "1824"]
[BlackElo "1670"]
[PlyCount "37"]
[EventDate "2019.10.13"]
[WhiteTeam "Ĺ K KOMPLET Trnava - Modranka juniori"]
[BlackTeam "MĹ K Corvin VeÄľkĂ˝ Meder"]

1. e4 e5 2. Nf3 Nc6 3. d4 exd4 4. Bc4 Bc5 5. c3 dxc3 6. Bxf7+ Kxf7 7. Qd5+ Kf8
8. Qxc5+ d6 9. Qxc3 Qf6 10. Qb3 Qg6 11. O-O Qxe4 12. Re1 Qg6 13. Nc3 Nce7 14.
Nb5 c6 15. Nc7 Rb8 16. Bf4 Bh3 17. Nh4 Qg4 18. Qxh3 Qxf4 19. Ne6+ 1-0

[Event "4.liga A22 2019/2020"]
[Site "?"]
[Date "2019.11.10"]
[Round "3.1"]
[White "Bogi, Timea"]
[Black "Rau, Vladimir"]
[Result "0-1"]
[WhiteElo "1546"]
[BlackElo "1693"]
[PlyCount "62"]
[EventDate "2019.10.13"]
[WhiteTeam "MĹ K Corvin VeÄľkĂ˝ Meder"]
[BlackTeam "Ĺ K KOMPLET Trnava - Modranka juniori"]

1. e4 c6 2. d4 d5 3. e5 Bf5 4. Nf3 e6 5. Bd3 Bxd3 6. Qxd3 Nd7 7. a3 c5 8. c3
Qb6 9. O-O a6 10. a4 c4 11. Qc2 Ne7 12. Na3 Nf5 13. Be3 Bxa3 14. Rxa3 O-O 15.
b3 cxb3 16. Rxb3 Qc6 17. Rb4 Rac8 18. Rc1 Nb6 19. Nd2 Rc7 20. a5 Nc4 21. Nxc4
dxc4 22. Rcb1 Rd8 23. Qb2 Rdd7 24. Rb6 Qe4 25. Re1 Nh4 26. f3 Qg6 27. Kf2 Nf5
28. Qa3 Ne7 29. Qa2 Nd5 30. Bd2 Qd3 31. Qb1 Qxd2+ 0-1

[Event "4.liga A22 2019/2020"]
[Site "?"]
[Date "2019.11.10"]
[Round "3.1"]
[White "Ganz, Marek"]
[Black "Pszota, Mate"]
[Result "1/2-1/2"]
[WhiteElo "1630"]
[BlackElo "1530"]
[PlyCount "91"]
[EventDate "2019.10.13"]
[WhiteTeam "Ĺ K KOMPLET Trnava - Modranka juniori"]
[BlackTeam "MĹ K Corvin VeÄľkĂ˝ Meder"]

1. e4 e5 2. Nf3 Nf6 3. d3 Nc6 4. a3 d6 5. Nc3 Bg4 6. Be2 Qd7 7. Be3 O-O-O 8.
Qd2 Be7 9. O-O-O g6 10. h3 Be6 11. Ng5 d5 12. exd5 Nxd5 13. Nxe6 Qxe6 14. Nxd5
Qxd5 15. c4 Qe6 16. Rhf1 Nd4 17. Bxd4 Rxd4 18. Qe1 Rhd8 19. f4 e4 20. f5 Bg5+
21. Kb1 gxf5 22. Rxf5 exd3 23. Bg4 Qxe1 24. Rxe1 Bh4 25. Rd1 Kb8 26. Rxf7 d2
27. Rxh7 Bg3 28. b3 c6 29. Rf7 Re8 30. Kc2 Be1 31. Rf3 Kc7 32. Kc3 c5 33. Rf7+
Kb8 34. Bf3 Re3+ 35. Kc2 b6 36. Rb7+ Kc8 37. Rxa7 Rdd3 38. Ra8+ Kc7 39. Ra7+
Kd6 40. Rb1 Bg3 41. Rd1 Bf4 42. Bg4 Kc6 43. Rf7 Bg5 44. Rf5 Rc3+ 45. Kxd2 Rcd3+
46. Kc2 1/2-1/2

[Event "4.liga A22 2019/2020"]
[Site "?"]
[Date "2019.11.10"]
[Round "3.1"]
[White "Kiss, Marton Dezso"]
[Black "Skreko, Igor"]
[Result "1-0"]
[WhiteElo "1000"]
[BlackElo "1475"]
[PlyCount "79"]
[EventDate "2019.10.13"]
[WhiteTeam "MĹ K Corvin VeÄľkĂ˝ Meder"]
[BlackTeam "Ĺ K KOMPLET Trnava - Modranka juniori"]

1. e4 c5 2. Nf3 Nc6 3. d4 cxd4 4. Nxd4 Nf6 5. Nc3 a6 6. Be3 d6 7. Qd2 Ng4 8. f3
Nxe3 9. Qxe3 e6 10. O-O-O Be7 11. Kb1 O-O 12. g4 Bg5 13. f4 Bxf4 14. Qxf4 Nxd4
15. e5 dxe5 16. Qxe5 Nc6 17. Qc5 Qa5 18. Qe3 e5 19. Ne4 Be6 20. a3 Rad8 21. Bd3
Ne7 22. Ng5 Ng6 23. Qf3 h6 24. Nxe6 Rxd3 25. Rxd3 fxe6 26. Qe3 Nf4 27. Rd2 Nd5
28. Qd3 e4 29. Qd4 e3 30. Re2 Qb5 31. Rhe1 Rf2 32. Rxf2 exf2 33. Qxf2 Nc3+ 34.
Ka1 Na4 35. b3 Nc3 36. Qe3 Qa5 37. Qxe6+ Kh8 38. a4 Qb4 39. Qc8+ Kh7 40. Qf5+
1-0

[Event "4.liga A22 2019/2020"]
[Site "?"]
[Date "2019.11.10"]
[Round "3.2"]
[White "Kosticky, Simon"]
[Black "Bango, Lukas"]
[Result "1/2-1/2"]
[WhiteElo "1760"]
[BlackElo "2200"]
[PlyCount "78"]
[EventDate "2019.10.13"]
[WhiteTeam "ŠK Lokomotíva Trnava C"]
[BlackTeam "ŠK KOMPLET Trnava - Modranka B"]

1. c4 e5 2. Nc3 Nf6 3. g3 Bb4 4. Bg2 O-O 5. d3 Re8 6. Bg5 h6 7. Bxf6 Qxf6 8.
Qb3 Nc6 9. Rc1 d6 10. e3 Bg4 11. Nge2 Bxe2 12. Kxe2 Bxc3 13. bxc3 Nd8 14. Rb1
Rb8 15. Qa4 Ne6 16. Qxa7 Ra8 17. Qxb7 Rxa2+ 18. Rb2 Nc5 19. Qb5 Rxb2+ 20. Qxb2
Qxf2+ 21. Kxf2 Nxd3+ 22. Ke2 Nxb2 23. Bd5 Na4 24. Bc6 Nxc3+ 25. Kd3 Rb8 26.
Kxc3 Rb6 27. Be4 Ra6 28. Rb1 g6 29. Rb8+ Kg7 30. Ra8 Rxa8 31. Bxa8 c5 32. Kb3
f5 33. Ka4 Kf6 34. Bf3 e4 35. Be2 Ke5 36. Kb5 g5 37. Kc6 Ke6 38. Bh5 Ke5 39.
Be2 Ke6 1/2-1/2

[Event "4.liga A22 2019/2020"]
[Site "?"]
[Date "2019.11.10"]
[Round "3.2"]
[White "Bango, Dominik"]
[Black "Fajnor, Dusan"]
[Result "1-0"]
[WhiteElo "1873"]
[BlackElo "1628"]
[PlyCount "66"]
[EventDate "2019.10.13"]
[WhiteTeam "ŠK KOMPLET Trnava - Modranka B"]
[BlackTeam "ŠK Lokomotíva Trnava C"]

1. e4 c5 2. Nf3 d6 3. d4 cxd4 4. Nxd4 Nf6 5. Nc3 a6 6. f3 Nc6 7. Be3 Bd7 8. Bc4
g6 9. Qd2 Bg7 10. O-O-O O-O 11. g4 Qc7 12. Bb3 Na5 13. h4 b5 14. h5 Nxb3+ 15.
axb3 b4 16. Nd5 Nxd5 17. exd5 Qa5 18. Qh2 Qa1+ 19. Kd2 Qxb2 20. hxg6 fxg6 21.
Qxh7+ Kf7 22. Ne6 Qc3+ 23. Ke2 Bxe6 24. dxe6+ Kxe6 25. Qxg6+ Kd7 26. Rh7 Rg8
27. Bf4 Raf8 28. Qe4 Rh8 29. Bxd6 exd6 30. Rxg7+ Qxg7 31. Qb7+ Ke6 32. Qxg7 Rc8
33. Qg6+ Ke7 1-0

[Event "4.liga A22 2019/2020"]
[Site "?"]
[Date "2019.11.10"]
[Round "3.2"]
[White "Nemcovic, Peter"]
[Black "Lopatievov, Alexander"]
[Result "0-1"]
[WhiteElo "1639"]
[BlackElo "1854"]
[PlyCount "106"]
[EventDate "2019.10.13"]
[WhiteTeam "ŠK Lokomotíva Trnava C"]
[BlackTeam "ŠK KOMPLET Trnava - Modranka B"]

1. d4 c6 2. c4 Nf6 3. Nc3 d5 4. cxd5 cxd5 5. e3 a6 6. Bd3 Nc6 7. Nge2 e5 8.
dxe5 Nxe5 9. Bc2 b5 10. a3 Bb7 11. O-O Bd6 12. h3 Bc7 13. Ng3 Rc8 14. Qe2 O-O
15. Bf5 Rb8 16. b3 Re8 17. Bb2 g6 18. Bc2 Qe7 19. Rac1 Nc6 20. Qf3 d4 21. Nce4
Nxe4 22. Qxe4 dxe3 23. Qxe7 exf2+ 24. Kxf2 Rxe7 25. Ne4 Bb6+ 26. Kg3 Bc7+ 27.
Kf2 Be5 28. Bxe5 Nxe5 29. Nc5 Rc8 30. b4 Rcc7 31. Rfe1 Nc4 32. Rxe7 Rxe7 33.
Nxb7 Rxb7 34. Bd3 Ne5 35. Rc8+ Kg7 36. Be4 Rd7 37. Ra8 f5 38. Bf3 Nxf3 39. gxf3
Rd6 40. Ke3 Kf6 41. Rc8 g5 42. Rh8 Kg6 43. Ra8 Kh5 44. Kf2 Kh4 45. Kg2 h5 46.
Kh2 Rd2+ 47. Kg1 Kg3 48. Kf1 Kxf3 49. Ke1 Rd6 50. Rh8 h4 51. Rg8 Kf4 52. Ke2
Re6+ 53. Kd3 Re3+ 0-1

[Event "4.liga A22 2019/2020"]
[Site "?"]
[Date "2019.11.10"]
[Round "3.2"]
[White "Kramar, Matus"]
[Black "Dzivak, Jan"]
[Result "1-0"]
[WhiteElo "1658"]
[BlackElo "1389"]
[PlyCount "84"]
[EventDate "2019.10.13"]
[WhiteTeam "ŠK KOMPLET Trnava - Modranka B"]
[BlackTeam "ŠK Lokomotíva Trnava C"]

1. f4 Nc6 2. Nf3 d6 3. d4 e6 4. e3 Nf6 5. Bd3 d5 6. O-O Bd6 7. Bd2 O-O 8. Be1
Be7 9. Bh4 Ne4 10. Bxe7 Qxe7 11. Nbd2 f5 12. Ne5 Nxe5 13. fxe5 c5 14. c3 c4 15.
Be2 Qg5 16. Rf4 Bd7 17. Qe1 Rf7 18. Nf3 Qh6 19. h4 g5 20. hxg5 Nxg5 21. Rh4
Nxf3+ 22. Bxf3 Qg5 23. Rh5 Qg6 24. Qh4 Rg7 25. Kf2 Rf8 26. Rh1 Be8 27. Rh6 Qf7
28. Bh5 Qe7 29. Bxe8 Qxh4+ 30. R1xh4 Rxe8 31. Rf6 Rg5 32. Rhh6 Rf8 33. Rxf8+
Kxf8 34. Rxe6 Rg6 35. Rxg6 hxg6 36. Kf3 Ke7 37. Kf4 Ke6 38. Kg5 Kf7 39. Kh6 a5
40. a3 a4 41. g3 b6 42. Kg5 b5 1-0

[Event "4.liga A22 2019/2020"]
[Site "?"]
[Date "2019.11.10"]
[Round "3.2"]
[White "Dzivak, Jozef"]
[Black "Zarecky, Eduard"]
[Result "0-1"]
[WhiteElo "1000"]
[BlackElo "1807"]
[PlyCount "56"]
[EventDate "2019.10.13"]
[WhiteTeam "ŠK Lokomotíva Trnava C"]
[BlackTeam "ŠK KOMPLET Trnava - Modranka B"]

1. c4 c5 2. g3 g6 3. Bg2 Bg7 4. Nc3 Nc6 5. b3 Nf6 6. Bb2 O-O 7. Nf3 d6 8. O-O
a6 9. d3 Bg4 10. Qd2 Qd7 11. Rfd1 Bh3 12. Rac1 Bxg2 13. Kxg2 Qg4 14. Nh4 Qh5
15. Nf3 Ne5 16. Nxe5 dxe5 17. e3 Qf5 18. d4 cxd4 19. exd4 Ng4 20. dxe5 Bxe5 21.
Re1 Rad8 22. Qc2 Bf6 23. Qxf5 gxf5 24. Na4 Bxb2 25. Nxb2 Rd2 26. h3 Nxf2 27.
Kg1 Nxh3+ 28. Kf1 Rf2# 0-1

[Event "4.liga A22 2019/2020"]
[Site "?"]
[Date "2019.11.10"]
[Round "3.3"]
[White "Sturdik, Igor"]
[Black "Bugar, Peter"]
[Result "0-1"]
[WhiteElo "1971"]
[BlackElo "1992"]
[PlyCount "79"]
[EventDate "2019.10.13"]
[WhiteTeam "ŠK Obecný úrad Špačince"]
[BlackTeam "ŠK Dunajská Streda C"]

1. e4 e6 2. d4 d5 3. Nc3 Nf6 4. Bg5 Bb4 5. e5 h6 6. exf6 hxg5 7. fxg7 Rg8 8.
Nf3 Rxg7 9. h4 g4 10. Ne5 f5 11. Qd2 Qf6 12. g3 a6 13. O-O-O Bd7 14. a3 Bd6 15.
Re1 Nc6 16. Nxd5 Qf8 17. Nxd7 Kxd7 18. Nf4 Bxf4 19. Qxf4 Re8 20. Bg2 Qd6 21.
Qxd6+ cxd6 22. d5 Ne5 23. dxe6+ Kxe6 24. Rd1 Rc7 25. Rhe1 Rec8 26. c3 b5 27.
Bd5+ Ke7 28. Kd2 a5 29. Rc1 Rc5 30. Bg2 Kd7 31. Kc2 b4 32. axb4 axb4 33. Re3
Nc4 34. Rd3 b3+ 35. Kxb3 Rb8+ 36. Kc2 Rxb2+ 37. Kd1 Rxf2 38. Rc2 Nb2+ 39. Rxb2
Rxb2 40. Bd5 0-1

[Event "4.liga A22 2019/2020"]
[Site "?"]
[Date "2019.11.10"]
[Round "3.3"]
[White "Matis, Tibor"]
[Black "Valach, Peter"]
[Result "1-0"]
[WhiteElo "1908"]
[BlackElo "1778"]
[PlyCount "55"]
[EventDate "2019.10.13"]
[WhiteTeam "ŠK Dunajská Streda C"]
[BlackTeam "ŠK Obecný úrad Špačince"]

1. e4 c5 2. Nf3 Nc6 3. d4 cxd4 4. Nxd4 Nf6 5. Nc3 Qb6 6. Nb3 e6 7. Be3 Qc7 8.
f4 d6 9. Qf3 a6 10. a4 b6 11. Bd3 Bb7 12. O-O Be7 13. g4 Nd7 14. Rae1 Nb4 15.
Bd4 f6 16. Bf2 O-O 17. Nd4 Nc5 18. Bc4 d5 19. exd5 Rad8 20. Qe2 exd5 21. Ne6
Nxe6 22. Qxe6+ Kh8 23. Qxe7 Qc6 24. Bd3 Nxd3 25. cxd3 Rfe8 26. Qb4 b5 27. Ne4
a5 28. Qc5 1-0

[Event "4.liga A22 2019/2020"]
[Site "?"]
[Date "2019.11.10"]
[Round "3.3"]
[White "Slezak, Rudolf"]
[Black "Minarik, Jozef"]
[Result "0-1"]
[WhiteElo "1716"]
[BlackElo "1619"]
[PlyCount "66"]
[EventDate "2019.10.13"]
[WhiteTeam "ŠK Obecný úrad Špačince"]
[BlackTeam "ŠK Dunajská Streda C"]

1. Nf3 Nf6 2. c4 g6 3. Nc3 Bg7 4. g3 d6 5. Bg2 O-O 6. O-O c5 7. d3 Nc6 8. Bd2
a6 9. Qc1 Re8 10. Bh6 Bh8 11. Re1 Rb8 12. Nd2 Bd7 13. Nd5 b5 14. Rb1 Nxd5 15.
cxd5 Na5 16. b3 Qb6 17. Be3 Rec8 18. b4 Nb7 19. Qa3 cxb4 20. Qxb4 Qa5 21. Qxa5
Nxa5 22. Nb3 Nxb3 23. axb3 a5 24. Rec1 Bc3 25. Rc2 b4 26. Bd2 a4 27. Bxc3 Rxc3
28. Rxc3 bxc3 29. b4 a3 30. d4 f5 31. e4 a2 32. Ra1 c2 33. Bf1 Rxb4 0-1

[Event "4.liga A22 2019/2020"]
[Site "?"]
[Date "2019.11.10"]
[Round "3.3"]
[White "Mezes, Kristof"]
[Black "Sulko, Vit"]
[Result "1-0"]
[WhiteElo "1656"]
[BlackElo "1650"]
[PlyCount "73"]
[EventDate "2019.10.13"]
[WhiteTeam "ŠK Dunajská Streda C"]
[BlackTeam "ŠK Obecný úrad Špačince"]

1. d4 d5 2. c4 Nf6 3. Nc3 e6 4. Nf3 Be7 5. e3 O-O 6. Bd3 c5 7. O-O Nc6 8. cxd5
Nxd5 9. Nxd5 Qxd5 10. b3 cxd4 11. Nxd4 Nxd4 12. exd4 Bf6 13. Bb2 b6 14. Bc4 Qd8
15. Qf3 Rb8 16. Ba3 Be7 17. Bb2 Bf6 18. Ba3 Bb7 19. Qg4 Be7 20. Bb2 Bf6 21.
Rad1 Qc7 22. Rc1 Qd6 23. Rc2 Rfc8 24. Rfc1 Rd8 25. Rd2 Bd5 26. Rcd1 Rbc8 27.
Bd3 Qe7 28. Re2 Rc7 29. f4 g6 30. f5 Qf8 31. fxe6 Bxe6 32. Qf4 Qe7 33. d5 Qc5+
34. Kf1 Bxb2 35. dxe6 Qd4 36. Qxc7 Qf6+ 37. Rf2 1-0

[Event "4.liga A22 2019/2020"]
[Site "?"]
[Date "2019.11.10"]
[Round "3.3"]
[White "Karel, Jozef"]
[Black "Vida, Gergo"]
[Result "1-0"]
[WhiteElo "1680"]
[BlackElo "1015"]
[PlyCount "63"]
[EventDate "2019.10.13"]
[WhiteTeam "ŠK Obecný úrad Špačince"]
[BlackTeam "ŠK Dunajská Streda C"]

1. e4 e5 2. f4 exf4 3. Nf3 g5 4. Bc4 Bg7 5. d4 h6 6. O-O Ne7 7. Nc3 Ng6 8. h3
d6 9. Bb3 O-O 10. Qd3 c6 11. Bd2 Nd7 12. Rae1 c5 13. e5 dxe5 14. Qxg6 exd4 15.
Ne4 Qc7 16. Nd6 Nf6 17. Ne4 Nxe4 18. Qxe4 c4 19. Ba4 a6 20. c3 b5 21. Bd1 Bb7
22. Qe7 Qxe7 23. Rxe7 Rfe8 24. Rxb7 Red8 25. cxd4 Bxd4+ 26. Nxd4 Rxd4 27. Bc3
Rd6 28. Bh5 Rf8 29. Re1 Re6 30. Rxe6 fxe6 31. Rg7+ Kh8 32. Bg6 1-0

[Event "4.liga A22 2019/2020"]
[Site "?"]
[Date "2019.11.10"]
[Round "3.5"]
[White "Bisco, Igor"]
[Black "Meszaros, Nikolas"]
[Result "1-0"]
[WhiteElo "1991"]
[BlackElo "1819"]
[PlyCount "41"]
[EventDate "2019.10.13"]
[WhiteTeam "ŠK Hlohovec A"]
[BlackTeam "MŠK Gabčíkovo B"]

1. e4 c5 2. Nf3 Nc6 3. d4 cxd4 4. Nxd4 Nf6 5. Nc3 g6 6. Be3 Bg7 7. Bc4 O-O 8.
Bb3 d6 9. f3 Bd7 10. Qd2 Na5 11. O-O-O Nxb3+ 12. cxb3 Qa5 13. Kb1 a6 14. Bh6
Rfe8 15. h4 Bxh6 16. Qxh6 Qh5 17. Qe3 Qc5 18. b4 Qxb4 19. h5 Be6 20. hxg6 fxg6
21. Nxe6 1-0

[Event "4.liga A22 2019/2020"]
[Site "?"]
[Date "2019.11.10"]
[Round "3.5"]
[White "Kosar, Mikulas"]
[Black "Starzec, Juraj"]
[Result "0-1"]
[WhiteElo "1574"]
[BlackElo "1923"]
[PlyCount "42"]
[EventDate "2019.10.13"]
[WhiteTeam "MŠK Gabčíkovo B"]
[BlackTeam "ŠK Hlohovec A"]

1. e4 e5 2. Nf3 Nf6 3. Nc3 Nc6 4. Bc4 Nxe4 5. Nxe4 d5 6. Bb5 dxe4 7. Nxe5 Qd5
8. Bxc6+ bxc6 9. Ng4 Ba6 10. Ne3 Qe5 11. Ng4 Qe6 12. Ne3 f5 13. b3 Bd6 14. Bb2
O-O 15. c4 Rad8 16. O-O Qh6 17. g3 Bc8 18. Bc3 f4 19. Ng4 Qh3 20. Ne5 Bxe5 21.
Bxe5 f3 0-1

[Event "4.liga A22 2019/2020"]
[Site "?"]
[Date "2019.11.10"]
[Round "3.5"]
[White "Gajarsky, Roman"]
[Black "Sandor, Stefan"]
[Result "1/2-1/2"]
[WhiteElo "1791"]
[BlackElo "1550"]
[PlyCount "34"]
[EventDate "2019.10.13"]
[WhiteTeam "ŠK Hlohovec A"]
[BlackTeam "MŠK Gabčíkovo B"]

1. d4 e6 2. e4 d5 3. e5 c5 4. c3 c4 5. g3 g6 6. h4 h5 7. b4 b5 8. a4 Bd7 9. a5
a6 10. Bg5 Be7 11. Nh3 Nc6 12. Qf3 Nh6 13. Bxe7 Qxe7 14. Ng5 O-O-O 15. Bh3 Rdf8
16. Qe3 Qd8 17. Na3 Ne7 1/2-1/2

[Event "4.liga A22 2019/2020"]
[Site "?"]
[Date "2019.11.10"]
[Round "3.6"]
[White "Slamena, Michal"]
[Black "Jablonicky, Frantisek"]
[Result "1-0"]
[WhiteElo "1977"]
[BlackElo "2043"]
[PlyCount "103"]
[EventDate "2019.10.13"]
[WhiteTeam "ŠK Hlohovec B"]
[BlackTeam "ŠK Šúrovce"]

1. e4 c5 2. Nf3 d6 3. d4 cxd4 4. Nxd4 Nf6 5. Nc3 a6 6. Bg5 Nbd7 7. f4 Qc7 8.
Qf3 b5 9. a3 Bb7 10. O-O-O O-O-O 11. g4 Kb8 12. Bxf6 gxf6 13. Kb1 e6 14. h4 Rc8
15. Rh2 Nb6 16. f5 e5 17. Nb3 Be7 18. Na5 Ba8 19. Rhd2 Rhd8 20. Qe3 d5 21. exd5
Nxd5 22. Nxd5 Bxd5 23. Rxd5 Rxd5 24. Rxd5 Qxa5 25. Rd7 Rc7 26. Rxc7 Qxc7 27.
Bg2 Qc5 28. Qe4 Qb6 29. Ka2 Kc7 30. Qd5 Qc5 31. Qb7+ Kd8 32. Bd5 b4 33. Bxf7
Qc7 34. Qd5+ Qd7 35. axb4 Qxd5+ 36. Bxd5 Kc7 37. Kb3 Bc5 38. g5 Be3 39. gxf6
Bf2 40. h5 Bh4 41. Bg8 h6 42. f7 Be7 43. f6 Bf8 44. Bh7 Kd6 45. Bd3 Ke6 46.
Bxa6 Kxf7 47. Kc4 Kxf6 48. Bb7 Bd6 49. Be4 Kg5 50. Bg6 Kf4 51. Kd5 Bc7 52. b5
1-0

[Event "4.liga A22 2019/2020"]
[Site "?"]
[Date "2019.11.10"]
[Round "3.6"]
[White "Lukacovic, Miroslav"]
[Black "Tupy, Bystrik"]
[Result "1/2-1/2"]
[WhiteElo "1898"]
[BlackElo "1701"]
[PlyCount "95"]
[EventDate "2019.10.13"]
[WhiteTeam "ŠK Šúrovce"]
[BlackTeam "ŠK Hlohovec B"]

1. d4 d5 2. Nf3 Nc6 3. c4 Bg4 4. e3 e6 5. Nbd2 Nf6 6. Qa4 Bxf3 7. Nxf3 Bb4+ 8.
Bd2 Bxd2+ 9. Nxd2 O-O 10. cxd5 exd5 11. Bd3 a6 12. a3 Re8 13. O-O Ne4 14. Nf3
Ne7 15. Ne5 Ng6 16. Bxe4 dxe4 17. Nxg6 hxg6 18. Rac1 c6 19. Rc5 Qb6 20. Qc2
Rad8 21. b4 Rd5 22. Rxd5 cxd5 23. Rc1 Re6 24. Qc8+ Kh7 25. Rc5 Rc6 26. Qd7 a5
27. h3 axb4 28. axb4 Qxb4 29. Qxd5 Qe1+ 30. Kh2 Qxf2 31. Rxc6 bxc6 32. Qxe4 Qf6
33. Qf3 Qe6 34. Kg1 f5 35. Kf2 Kg8 36. Qf4 Qa2+ 37. Kg3 Qd5 38. Qf3 Qd6+ 39.
Kf2 Qe6 40. Ke1 Qc4 41. g4 Qc1+ 42. Kf2 Qc2+ 43. Kg3 Kf7 44. e4 Qxe4 45. Qxe4
fxe4 46. Kf4 g5+ 47. Kxe4 Ke6 48. Ke3 1/2-1/2

[Event "4.liga A22 2019/2020"]
[Site "?"]
[Date "2019.11.10"]
[Round "3.6"]
[White "Jancicka, Viliam"]
[Black "Kincel, Frantisek"]
[Result "0-1"]
[WhiteElo "1596"]
[BlackElo "1816"]
[PlyCount "80"]
[EventDate "2019.10.13"]
[WhiteTeam "ŠK Hlohovec B"]
[BlackTeam "ŠK Šúrovce"]

1. Nf3 Nf6 2. d4 g6 3. c4 Bg7 4. Nc3 d5 5. e3 O-O 6. h3 c6 7. b3 Re8 8. Bb2
Nbd7 9. Be2 Qc7 10. O-O e5 11. cxd5 e4 12. Nd2 cxd5 13. Nb5 Qb6 14. Rc1 Rd8 15.
a4 Bf8 16. Ba3 a6 17. Bxf8 Nxf8 18. Na3 Bd7 19. Nab1 Rac8 20. Nc3 Rc7 21. Na2
Rdc8 22. Rxc7 Rxc7 23. Qa1 Rc2 24. Rd1 Qa5 25. Kf1 Rxd2 26. Rc1 b5 27. Nc3 bxa4
28. bxa4 Ne6 29. Ke1 Rxe2+ 30. Kxe2 Nd8 31. Qa3 Kg7 32. Qd6 Nb7 33. Qa3 Qd8 34.
Na2 Qb6 35. Rc2 Na5 36. Rb2 Qc7 37. Qb4 Nc4 38. Rc2 Qh2 39. g3 Bxh3 40. Rc1
Bg4+ 0-1

[Event "4.liga A22 2019/2020"]
[Site "?"]
[Date "2019.11.10"]
[Round "3.6"]
[White "Cmarada, Juraj"]
[Black "Cebo, Vladimir"]
[Result "1-0"]
[WhiteElo "1808"]
[BlackElo "1520"]
[PlyCount "45"]
[EventDate "2019.10.13"]
[WhiteTeam "ŠK Šúrovce"]
[BlackTeam "ŠK Hlohovec B"]

1. e4 c5 2. Nf3 Nc6 3. d4 cxd4 4. Nxd4 e5 5. Nb5 a6 6. Nd6+ Bxd6 7. Qxd6 Nge7
8. Nc3 h6 9. Bc4 O-O 10. Be3 b5 11. Bb3 Kh8 12. O-O-O f5 13. Bc5 Rf6 14. Qd3
Na5 15. Bxe7 Nxb3+ 16. axb3 Qxe7 17. Nd5 Qf7 18. Nxf6 Qxf6 19. exf5 b4 20. Qd5
Rb8 21. Qd6 Qg5+ 22. Kb1 Rb5 23. Qf8+ 1-0